25 most speedran games (2018) - Statistics

General Stats
  • This quiz has been taken 7 times
  • The average score is 12 of 25
Answer Stats
# Year Console(s) Runner count Game % Correct
1 1996 N64 2 064 Super Mario 64
100%
9 1985 NES 745 Super Mario Bros.
86%
2 2017 Switch 2 038 Super Mario Odyssey
71%
6 1990 SNES 846 Super Mario World
71%
3 1998 N64 1 350 The Legend of Zelda: Ocarina of Time
57%
20 2015 PC 501 A Hat in Time (Beta Build)
43%
25 2018 PS4, XboxOne, PC, Switch 428 Celeste
43%
17 2017 PC 518 Cuphead
43%
16 2014 PS3, PS4, Xbox360, XboxOne 538 Destiny
43%
12 2017 PC 552 Getting Over It With Bennett Foddy
43%
21 2014 WiiU 493 Mario Kart 8
43%
14 2013 PS3, Xbox360, PC 546 Payday 2
43%
22 1996 GBA 462 Pokémon Red/Blue
43%
8 2007 PC 771 Portal
43%
10 2015 PC 636 Refunct
43%
11 2001 Dreamcast 619 Sonic Adventure 2: Battle
43%
5 2002 GCN 943 Super Mario Sunshine
43%
14 2010 Xbox360 546 Super Meat Boy
43%
7 1994 SNES 808 Super Metroid
43%
4 1991 SNES 969 The Legend of Zelda: A Link to the Past
43%
24 2001 GCN 438 Luigi's Mansion
29%
23 2018 PS4, XboxOne 451 Monster Hunter: World
29%
13 2017 PS4, XboxOne 548 Resident Evil 7: Biohazard
29%
19 2015 PC 504 Undertale
29%
18 2013 PS4, XboxOne, PC 507 Warframe
29%
No matching quizzes found
Score Distribution
Percent of People with Each Score
Percentile by Number Answered
Your Score History
You have not taken this quiz